Words that end in ick - Statistics

General Stats
  • This quiz has been taken 17 times
  • The average score is 7 of 8
Answer Stats
Hint5 Answer % Correct
When you "attack" something with your foot you ____ it Kick
100%
When someone is ill they are Sick
100%
When you rub your tongue against something you ___ it Lick
93%
When you choose something you ___ it Pick
93%
A sort of "prank" that is intended to deceive someone is called a Trick
93%
If something is fast its Quick
86%
A piece of a tree or when you cling or attach to something you ____ to it. Stick
79%
When you do something in an impressively smooth or in a effortless way its Slick
71%
No matching quizzes found
Score Distribution
Percent of People with Each Score
Percentile by Number Answered
Your Score History
You have not taken this quiz